00912cam a2200253 i 4500001000700000003000900007005001700016008003900033017005100072020001800123040001300141080001900154110005900173245007600232246008300308260003500391300002900426500001300455650001900468655002500487700003100512740002900543852008600572192053ES-MaACL20250831073818.0221102s2009 sp | |||| 000 0 spa aM 30599-2009 bOficina Depósito Legal Madrid a9788428535120 cES-MaACL a241.513(044.6)2 aIglesia Católica. bPapa (2005-2013: Benedicto XVI) 10aCaritas in veritate = bLa caridad en la verdad / cBenedictum PP XVI. aLa caridad en la verdad : b[tercera carta encíclica de S.S. Benedicto XVI]  aMadrid : bSan Pablo, c[2009] a160 páginas ; c18 cm. aÍndice 7aCaridad2embne 72tgfbneaEncíclicas0 aBenedictobXVI,cPapaeaut32aLa caridad en la verdad.4 aES-MaACLjN-8085 bR. 152395cDEPOJhDonación: José Lázaro García